header

The Brief Bedford Reader (Record no. 254184)

MARC details
000 -LEADER
fixed length control field 00465nam a22001697a 4500
003 - CONTROL NUMBER IDENTIFIER
control field OSt
005 - DATE AND TIME OF LATEST TRANSACTION
control field 20160527120622.0
008 - FIXED-LENGTH DATA ELEMENTS--GENERAL INFORMATION
fixed length control field 160527b xxu||||| |||| 00| 0 eng d
020 ## - INTERNATIONAL STANDARD BOOK NUMBER
International Standard Book Number 978-0-312-61338-9
040 ## - CATALOGING SOURCE
Transcribing agency N/A
050 ## - LIBRARY OF CONGRESS CALL NUMBER
Classification number PE1417
Item number .B7125 2012
100 ## - MAIN ENTRY--PERSONAL NAME
Personal name Kennedy J. X.
245 ## - TITLE STATEMENT
Title The Brief Bedford Reader
Statement of responsibility, etc Kennedy J. X., Kennedy Dorothy M., Aaron Jane E.
250 ## - EDITION STATEMENT
Edition statement 7th ed
260 ## - PUBLICATION, DISTRIBUTION, ETC. (IMPRINT)
Place of publication, distribution, etc New York
Name of publisher, distributor, etc Bedford/St.Martin's
Date of publication, distribution, etc 2012
942 ## - ADDED ENTRY ELEMENTS (KOHA)
Source of classification or shelving scheme Library of Congress Classification
Koha item type Long Loan Books
Holdings
Withdrawn status Lost status Source of classification or shelving scheme Damaged status Not for loan Collection code Home library Current library Shelving location Date acquired Total Checkouts Full call number Barcode Date last seen Price effective from Koha item type
    Library of Congress Classification     Non-fiction Rongo University Library Rongo University Library General Stacks 27/05/2016   PE1417 .B7125 2012 20155601 27/05/2016 27/05/2016 Long Loan Books
    Library of Congress Classification     Non-fiction Rongo University Library Rongo University Library General Stacks 02/03/2017   PE1417 .B7125 2012 20168612 02/03/2017 02/03/2017 Long Loan Books

© 2026 Rongo University
Contact us: librarian | system librarian | Rongo university